ដំណើរផ្សងព្រេងរបស់ពីណូគីយ៉ូ / (Record no. 1621)
[ view plain ]
| 000 -LEADER | |
|---|---|
| fixed length control field | 03025nam a22003137a 4500 |
| 001 - CONTROL NUMBER | |
| control field | 1621 |
| 003 - CONTROL NUMBER IDENTIFIER | |
| control field | FISKH |
| 005 - DATE AND TIME OF LATEST TRANSACTION | |
| control field | 20230911152126.0 |
| 008 - FIXED-LENGTH DATA ELEMENTS--GENERAL INFORMATION | |
| fixed length control field | 230911b cb ||||| |||| 00| 0 khrd |
| 020 ## - INTERNATIONAL STANDARD BOOK NUMBER | |
| International Standard Book Number | 9789924341345 |
| 040 ## - CATALOGING SOURCE | |
| Original cataloging agency | FISKH |
| Language of cataloging | eng |
| Transcribing agency | FISKH |
| Modifying agency | FISKH |
| 082 ## - DEWEY DECIMAL CLASSIFICATION NUMBER | |
| Classification number | 791.53 |
| 100 ## - MAIN ENTRY--PERSONAL NAME | |
| Personal name | Collodi, Carlo |
| 245 ## - TITLE STATEMENT | |
| Title | ដំណើរផ្សងព្រេងរបស់ពីណូគីយ៉ូ / |
| Remainder of title | ប្រវត្តិរបស់អាយ៉ងមួយ : |
| Statement of responsibility, etc. | រូបភាពដោយ កាឡូ ស្យ៉ូទ្រី - បកប្រែពីភាសាបារាំង ដោយ ហុក សុទ្ធិ |
| 250 ## - EDITION STATEMENT | |
| Edition statement | បោះពុម្ពលើកទី ២ ខែវិច្ឆិកា ឆ្នាំ ២០១៩ |
| 260 ## - PUBLICATION, DISTRIBUTION, ETC. | |
| Place of publication, distribution, etc. | Phnom Penh : |
| Name of publisher, distributor, etc. | Sipar, |
| Date of publication, distribution, etc. | 2019. |
| 300 ## - PHYSICAL DESCRIPTION | |
| Extent | 243 pages : |
| Other physical details | illustrations ; |
| Dimensions | 19 cm |
| 490 ## - SERIES STATEMENT | |
| Series statement | អក្សសិល្ប៍យុវវ័យ |
| 505 ## - FORMATTED CONTENTS NOTE | |
| Formatted contents note | Z'<br/> |
| 520 ## - SUMMARY, ETC. | |
| Summary, etc. | ថ្ងៃមួយ នៅក្នុងរោងជាងរបស់គាត់ ជាងឈើចំណាស់ម្នាក់រើសយកឈើមួយដុំបម្រុងនឹងធ្វើជាជើងតុ។ ដោយឮដុំឈើនោះថ្ងូរ និងដោយខ្លាចហេតុការណ៍ដ៏ចម្លែកនេះ ជាងឈើសីរីក៏ឳ្យដុំឈើនោះទៅមិត្តសម្លាញ់គាត់ម្នាក់ឈ្មោះ ហ្សេប៉េតូ។ ហ្សេប៉េតូ ច្នៃដុំឈើនោះធ្វើជាអាយ៉ងមួយ ហើយដាក់ឈ្មោះថាពិណូគីយូ។ ពិណូគីយូធ្វើដំណើរផ្សងព្រេង ហើយនៅតាមផ្លូវដែលពោរពេញទៅដោយ ឧបសគ្គនោះ វារៀនយល់ដឹងពីសេចក្ដីក្លាហាន សេចក្ដីទៀងត្រង់ និងភក្ដីភាពដោយនឹកស្រមៃថា ខ្លួននឹងក្លាយទៅជាក្មេងម្នាក់ដូចគេដូចឯងនៅថ្ងៃណាមួយ។ |
| 520 ## - SUMMARY, ETC. | |
| Summary, etc. | One day in his workshop, an old carpenter picks up a piece of wood to make a table. Hearing the stick moaning and fearing this strange event, the Syrian carpenter gave the stick to one of his friends, Zepeto. Zepeto made the stick into a puppet and named it Pinocchio. Pinocchio goes on an adventure, and along the way of obstacles, he learns to be brave, honest, and loyal, imagining that one day he will be just like the other kids. |
| 521 8# - TARGET AUDIENCE NOTE | |
| Target audience note | 920<br/> |
| Source | Lexile estimate<br/> |
| 521 8# - TARGET AUDIENCE NOTE | |
| Target audience note | Z'<br/> |
| Source | Raz-Plus<br/> |
| 650 ## - SUBJECT ADDED ENTRY--TOPICAL TERM | |
| Topical term or geographic name entry element | ដុំឈើ |
| Form subdivision | ជាងឈើ |
| General subdivision | ឧបសគ្គ |
| Chronological subdivision | រៀន |
| 650 ## - SUBJECT ADDED ENTRY--TOPICAL TERM | |
| Topical term or geographic name entry element | Wood |
| Form subdivision | Carpenter |
| General subdivision | Obstacle |
| Chronological subdivision | Learn |
| 700 ## - ADDED ENTRY--PERSONAL NAME | |
| Personal name | Suthi, Hok |
| Relator term | Translator |
| 700 ## - ADDED ENTRY--PERSONAL NAME | |
| Personal name | Chiostri, Carlo |
| Relator term | illustrator |
| 942 ## - ADDED ENTRY ELEMENTS (KOHA) | |
| Source of classification or shelving scheme | Dewey Decimal Classification |
| Koha item type | Khmer Books |
| Suppress in OPAC | No |
| Withdrawn status | Lost status | Source of classification or shelving scheme | Damaged status | Not for loan | Collection | Home library | Current library | Shelving location | Date acquired | Total Checkouts | Full call number | Barcode | Date due | Date last seen | Date last checked out | Copy number | Price effective from | Koha item type |
|---|---|---|---|---|---|---|---|---|---|---|---|---|---|---|---|---|---|---|
| Dewey Decimal Classification | Khmer Language Books / សៀវភៅភាសាខ្មែរ | Footprints International School Library Network Toul Kork Campus | Footprints International School Library Network Toul Kork Campus | TK Campus, Room B402, Khmer Book Case 16, Shelves 112-123 / ទូរសៀវភៅខ្មែរលេខ ១៦ ធ្នើរ ១១២ ដល់ ១២៣ បន្ទប់ B402 សាខាទួលគោក | 09/11/2023 | 2 | COL 791.53 | 2023-0566 | 04/15/2026 | 04/01/2026 | 04/01/2026 | 1 | 09/11/2023 | Khmer Books | ||||
| Dewey Decimal Classification | Khmer Language Books / សៀវភៅភាសាខ្មែរ | Footprints International School Library Network Toul Kork Campus | Footprints International School Library Network Toul Kork Campus | TK Campus, Room B402, Khmer Book Case 16, Shelves 112-123 / ទូរសៀវភៅខ្មែរលេខ ១៦ ធ្នើរ ១១២ ដល់ ១២៣ បន្ទប់ B402 សាខាទួលគោក | 09/11/2023 | 1 | COL 791.53 | 2023-0567 | 04/01/2026 | 03/02/2026 | 2 | 09/11/2023 | Khmer Books |
